HAYLA Charting Songs (Billboard Hot Dance) - Statistics

General Stats
  • This quiz has been taken 4 times
    2 since last reset
  • The average score is 2 of 5
Answer Stats
Album Weeks On Peak Artist(s) Song % Correct
Comfort In Chaos 26 Weeks #8 John Summit & HAYLA Where You Are
100%
Comfort In Chaos 20 Weeks #8 John Summit & HAYLA Shiver
50%
Kx5 26 Weeks #11 Kx5 ft. HAYLA Escape
0%
Odyssey 14 Weeks #12 ILLENIUM & HAYLA In My Arms
0%
KYGO 2 Weeks #19 Kygo & HAYLA Without You
0%
No matching quizzes found
Score Distribution
Percent of People with Each Score
Percentile by Number Answered
Your Score History
You have not taken this quiz since the last reset